banner koha

Notas nomenclaturais em Salacioideae (Celastraceae) (Registro n. 328782)

MARC details
000 -LÍDER
fixed length control field 01481nab a2200241 i 4500
003 - CÓDIGO MARC DA AGÊNCIA CATALOGADORA
Campo de controle BR-BrBNA
005 - DATA E HORA DA ÚLTIMA ATUALIZAÇÃO
Campo de controle 20241122135731.0
008 - CAMPO DE TAMANHO FIXO
fixed length control field 241122b2010 bl.qr|pooa||| 00| 0 por |
040 ## - FONTE DA CATALOGAÇÃO
Agência catalogadora BR-BrBNA
Idioma da catalogação por
072 ## - CATEGORIA AGRIS
Código AGRIS F70
100 ## - ENTRADA PRINCIPAL - NOME PESSOAL
Nome pessoal Lombardi, Julio Antonio
245 ## - TÍTULO PRINCIPAL
Título principal Notas nomenclaturais em Salacioideae (Celastraceae)
500 ## - NOTA GERAL
Nota geral Publicação on-line; 8 ref.; Summaries (En, Pt)
942 ## - ADDED ENTRY ELEMENTS (KOHA)
Koha item type Analítica
520 ## - NOTA DE RESUMO
Nota de conteúdo <br/>Resumo<br/><br/>São propostas para Salacioideae (Celastraceae) sul-americanas quatro novas combinações: <br/>Peritassa myrsinoides (A.C.Sm.) Lombardi, P. nectandrifolia (A.C.Sm.) Lombardi, P. petiolata (A.C.Sm.) <br/>Lombardi e Tontelea passiflora (Vell.) Lombardi.<br/><br/>Palavras-chave: Brasil, Celastraceae, Peritassa, Tontelea.<br/>
520 ## - NOTA DE RESUMO
Nota de conteúdo <br/>Abstract<br/><br/>Four new combinations are proposed for the following South American Salacioideae (Celastraceae): Peritassa<br/>myrsinoides (A.C.Sm.) Lombardi, P. nectandrifolia (A.C.Sm.) Lombardi, P. petiolata (A.C.Sm.) Lombardi,<br/>and Tontelea passiflora (Vell.) Lombardi.<br/><br/>Key words: Brazil, Celastraceae, Peritassa, Tontelea.
650 ## - ASSUNTO - THESAGRO
Cabeçalho tópico ou nome geográfico BRASIL
650 ## - ASSUNTO - THESAGRO
Cabeçalho tópico ou nome geográfico CELASTRACEAE
650 ## - ASSUNTO - THESAGRO
Cabeçalho tópico ou nome geográfico TAXONOMIA
773 0# - ENTRADA ANALÍTICA
Host Biblionumber 709
Registro do item 346539
Imprenta Rio de Janeiro-RJ Jardim Botanico do Rio de Janeiro 1935
Outro identificador 2024-7210
Título Rodriguésia (Brazil)
ISSN 0370-6583; 2175-7860 on-line
Colação v. 61(1) p. 123-125; (2010)
Número de controle de registro BR2024003635
856 ## - ACESSO E ENDEREÇO ELETRÔNICO
Identificador uniforme de recurso - URI https://www.scielo.br/j/rod/a/6PdtMVHYsgjkvBWZhzpS3Mr/?format=pdf&lang=pt

Nenhum exemplar disponível.

BINAGRI

Telefone: (61)3218-2567/2388/3357/2097 - binagri@agro.gov.br

Ministério da Agricultura e Pecuária , Esplanada dos Ministérios, Bloco D, Anexo B, Brasília/DF, CEP: 70.043-900